| 000 | 01436nam0a22002411 4500 | ||
|---|---|---|---|
| 001 | rc\4810215 | ||
| 005 | 20260406182027.0 | ||
| 035 | _a(NLR Aleph) 008795782 | ||
| 090 |
_a8070192 _c8070192 |
||
| 100 | _a20130426a19609999|||y0rusy50 ca | ||
| 101 | 0 | _arus | |
| 102 | _aRU | ||
| 105 | _ay z ||||| | ||
| 200 | 1 |
_aДоклады и сообщения _e№ 3- _fМВ и ССО УССР. Ужгородский гос. ун-т _iСерия физико-математических наук |
|
| 210 |
_aУжгород _cБ. и. _d1960- |
||
| 300 | _aОбразовалось в результате разделения изд.: Доклады и сообщения. Серия физико-математическая и химическая (шифр: П7/1006) на два изд.: Доклады и сообщения. Серия физико-математических наук и Доклады и сообщения. Серия химическая (шифры: П7/1008) и продолжает его нумерацию | ||
| 710 | 0 | 2 |
_aУжгородский ун-т _3RU\NLR\AUTH\889946988 _9389591 |
| 801 | 0 |
_aRU _bNLR _gpsbo |
|
| 801 | 1 |
_aRU _bELAR _2rusmarc |
|
| 830 | _aПеречень имеющихся в библиотеке томов, номеров, годов этого издания смотри в каталоге периодических изданий | ||
| 852 |
_aNLR _jП7/1007 |
||
| 942 | _cBOOK | ||
| 980 | _aNB | ||